LEADER 01471nam a2200337 u 4500 001 000000055787 003 CaOOAMICUS 005 20150218113630.0 008 010315s1984 sp u000 u spa u 020 $a8431308303 035 $a10869411 040 $aPUL(R)$bita 100 1 $aArtigas, Mariano,$d1938-2006.$0(OLS)http://pul/name/39195 245 10$aFilosofia de la naturaleza /$cMariano Artigas, Juan Jose Sanguineti. 260 $aPamplona :$bEdiciones Universidad de Navarra,$c1984. 300 $a226 p.$c21 cm 490 1 $aLibros de iniciación filosófica ;$v6 504 $aBibliografía: p. 219-226. 650 4$aFilosofia naturale.$0(OLS)http://pul/subject/22606 700 1 $aSanguineti, Juan José.$0(OLS)http://pul/name/38659 830 0$aLibros de iniciación filosófica ;$v6.$0(OLS)http://pul/title/72649 850 $aPUL 852 $aPUL$W1$xSL Filosofia 1$y2$m96 D 83$j73308$nBK-PRI$b $qStampati$B73308$CPULBib$Z2$F73308 $H $81 852 $aPUL$W1$xDP1 Fondo Capitani$y116$m10 A 31$j163707$qFondi$B163741$CPULBib$Z2$F163741 $HCap2369 $82 941 1 $a8 941 1 $a1 961 $aINV: 52678 961 $aNota ms. di possesso : Capitani 996 $6020$a8431308303$9(OLS)http://pul/number/70177 996 $6245$aFilosofia de la naturaleza$9(OLS)http://pul/title/74665 996 $6260$aPamplona :$bEdiciones Universidad de Navarra$9(OLS)http://pul/publisher/48150 LEADER 01254nam a2200265 a 4500 001 000000152607 003 CaOOAMICUS 005 20160627160934.0 008 160627s1986 it u000 u spa r 032 $aLibriCat 040 $aPUL$bita 100 1 $aRomero Taboada, Marcelino M.$0(OLS)http://pul/name/97226 245 13$aLa antropología de Gregorio Marañón (1887-1960) /$cMarcelino M. Romero Taboada, C.M.F. 260 $aRomae :$b[s.n.],$c1986. 300 $a401 p :$bill. ;$c24 cm. 502 $aDissertatio ad lauream in facultate philosophiae apud Pontificiam Universitatem S. Thomae de Urbe. 1986. 504 $aBibliografia in nota a piè pagina. 650 04$aMarañón, Gregorio$d1887-1960$xCritica e interpretazione.$0(OLS)http://pul/subject/43555 710 2 $aPontificia Università S. Tommaso.$bFacoltà di filosofia.$kTesi.$0(OLS)http://pul/name/83008 850 $aPUL 852 $aPUL$W1$xDP1 Tesi Pon. Univ. S. Tommaso$y44$mTH S.THOM PH279$j175746$qTesi$B178050$CPULBib$Z2$F178050 $H55114 $81 941 1 $a16 996 $6245$aLa antropología de Gregorio Marañón (1887-1960)$9(OLS)http://pul/title/192020 996 $6260$aRomae :$b[s.n.]$9(OLS)http://pul/publisher/48223